000 00378 a2200145 4500
005 20250627170054.0
020 _a0-04-301089-x
082 _a301.56MOR
100 _aMORRISH, I.
245 _aThe Sociology of Education: An Introduction,
250 _a2nd Ed.
260 _aLondon,
_bGEOGE ALLEN & UNWIN,
_c1978.
300 _a308p,: ill.; figure
_bIndex
_c21cm
942 _2ddc
_cBKS
999 _c5769
_d5769